New York LaGuardia (LGA) Destinations - Statistics

General Stats
  • This quiz has been taken 432 times
    113 since last reset
  • The average score is 54 of 79
Answer Stats
Airlines Destination % Correct
Delta Air Lines, Frontier Airlines, JetBlue, Southwest Airlines, Spirit Airlines Atlanta
93%
American Airlines, Delta Air Lines, Delta Connection, JetBlue Boston
92%
Southwest Airlines Chicago Midway
91%
American Airlines, Delta Air Lines, Spirit Airlines, United Airlines, United Express Chicago-O'Hare
91%
American Airlines, Delta Air Lines, Frontier Airlines, Spirit Airlines Miami
91%
United Airlines, United Express Washington Dulles
91%
American Airlines, American Eagle, Delta Air Lines, Delta Connection Washington-National (Reagan)
91%
American Eagle, Delta Air Lines, Spirit Airlines Detroit
90%
American Airlines, Delta Air Lines, Frontier Airlines, Spirit Airlines Dallas/Fort Worth
89%
Southwest Airlines Dallas-Love
89%
Delta Air Lines, Frontier Airlines, JetBlue, Southwest Airlines (Seasonal), Spirit Airlines Orlando
89%
American Eagle Philadelphia
89%
Delta Air Lines, Southwest Airlines, United Airlines Denver
87%
Air Canada, Air Canada Express, American Eagle, Delta Connection Toronto-Pearson
87%
Southwest Airlines Houston-Hobby
86%
American Airlines, American Eagle, Delta Air Lines, Spirit Airlines, United Airlines, United Express Houston-Intercontinental
86%
Air Canada (Seasonal), Air Canada Express, American Eagle, Delta Connection Montreal
86%
Delta Air Lines, JetBlue, Southwest Airlines Tampa
86%
American Airlines, American Eagle, Delta Connection, Southwest Airlines, Spirit Airlines Nashville
85%
American Airlines, American Eagle, Delta Air Lines, Delta Connection, Frontier Airlines Raleigh/Durham
85%
American Airlines, Delta Connection, Frontier Airlines, Spirit Airlines Charlotte
84%
American Eagle, Delta Connection, Frontier Airlines Cincinnati
84%
American Eagle, Delta Connection, Frontier Airlines Cleveland
84%
American Eagle, Delta Connection Buffalo
83%
American Eagle, Delta Air Lines Minneapolis/St. Paul
82%
American Airlines (Seasonal), American Eagle, Delta Connection Pittsburgh
82%
American Airlines, American Eagle, Delta Connection, Southwest Airlines St. Louis
82%
American Eagle, Delta Connection Indianapolis
80%
American Eagle, Delta Airlines (Seasonal), Delta Connection, Southwest Airlines Kansas City
80%
American Eagle, Delta Connection Memphis
80%
Delta Connection Jacksonville (FL)
79%
Delta Connection Milwaukee
79%
Delta Connection Albany
78%
Delta Air Lines, JetBlue, Southwest Airlines New Orleans
78%
Delta Connection Portland (ME)
78%
Delta Air Lines, Delta Connection, JetBlue Charleston (SC)
75%
Delta Air Lines, JetBlue, Spirit Airlines Fort Lauderdale
75%
American Eagle, Delta Connection Richmond
75%
Delta Connection Rochester (NY)
75%
American Eagle, Delta Connection Louisville
74%
American Eagle, Delta Connection Oklahoma City
72%
American Eagle, Delta Connection Norfolk
71%
Delta Air Lines (Seasonal), Delta Connection Syracuse
71%
Delta Connection Providence
69%
American Eagle, Delta Connection Omaha
68%
Delta Connection Hartford
67%
American Eagle, Delta Connection Columbia (SC)
64%
American Eagle, Delta Connection Little Rock
64%
American Eagle, Delta Connection Birmingham (AL)
63%
American Eagle, Delta Connection Grand Rapids
63%
Delta Connection Savannah
63%
American Eagle, Delta Connection Des Moines
62%
American Eagle, Delta Connection Dayton
61%
Delta Air Lines, JetBlue (Seasonal) Fort Myers
61%
American Eagle, Delta Connection Knoxville
59%
Delta Air Lines, JetBlue, Spirit Airlines West Palm Beach
57%
Delta Air Lines, JetBlue Nassau
56%
American Eagle, Delta Connection Greensboro
55%
American Eagle (Seasonal), Delta Connection (Seasonal) Key West
55%
American Eagle Tulsa
55%
Delta Connection Burlington (VT)
54%
Delta Connection Madison
53%
American Eagle, Delta Connection Asheville
52%
Delta Connection (Seasonal), JetBlue (Seasonal) Nantucket
51%
Delta Connection Bangor
49%
Delta Air Lines Sarasota
49%
American Eagle, Delta Connection Greenville/Spartanburg
47%
Delta Connection (Seasonal), JetBlue (Seasonal) Martha's Vineyard
46%
Delta Connection, Spirit Airlines Myrtle Beach
46%
Delta Connection Pensacola
46%
American Eagle, Delta Connection Roanoke
44%
American Eagle, Delta Connection Charlottesville (VA)
43%
American Eagle, Delta Connection Fayetteville/Bentonville
38%
Delta Connection (Seasonal) Hilton Head
33%
Delta Connection Traverse City
32%
American Airlines Aruba
26%
Delta Connection Worcester
25%
American Airlines (Seasonal), American Eagle, Delta Connection, Spirit Airlines Columbus-Glenn
9%
American Eagle, Delta Connection Wilmington (NC)
8%
No matching quizzes found
Score Distribution
Percent of People with Each Score
Percentile by Number Answered
Your Score History
You have not taken this quiz since the last reset